000 00584pab a2200205 454500
008 180718b2004 xxu||||| |||| 00| 0 eng d
100 _aJain, Rajesh
245 _aIntellectual capital and business performance in Indian industries
260 _c2004
300 _ap.139-50.
362 _aApr-Sep
650 _aIntellectual property - India
650 _aFinancial markets - India
650 _aCapital - India
650 _aEnterprises
700 _aAggarwal D.P.
700 _aRangnekar Santosh
773 _aFortune Journal of International Management
909 _a63652
999 _c63652
_d63652